000 00460nam a2200193Ia 4500
005 20240823012333.0
008 240823s9999||||xx |||||||||||||| ||und||
020 _a0-07-048339-6
041 _aENGLISH
082 _A519.2 P3
100 _aBalagurusamy E
245 0 _aReliability Engineering
250 _a1st
260 _c2003
_b"TMH,New "
_aNew Delhi
500 _aTRANSFERED
650 _aReliability
_bMathematics
942 _cBK
999 _c164112
_d164112